Zarządzanie w kulturze

Detalles Bibliográficos
Formato: Electrónico Revista
Lenguaje:polaco
inglés
Publicado: Kraków, Poland : Wydawnictwo Uniwersytetu Jagiellońskiego
Materias:
Acceso en línea:Full text available from Research Library: 01/01/2011 to present

MARC

LEADER 00000nas a2200000 a 4500
001 ssj0000913514
003 WaSeSS
005 20200512172242.0
006 m d
007 cr n
008 130701u20uuuuuupl a| p|s|||||| |0pol d
035 |a (WaSeSS)ssj0000913514 
040 |a WaSeSS  |c WaSeSS  |d WaSeSS 
041 |a pol  |a eng 
050 4 |a CB430 
245 0 0 |a Zarządzanie w kulturze  |h [electronic resource]. 
246 1 |a Culture management 
260 |a Kraków, Poland :  |b Wydawnictwo Uniwersytetu Jagiellońskiego 
310 |a Annual 
506 |a License restrictions may limit access. 
546 |a In Polish and English. 
588 |a Description based on: Issue No. 11 (2010); title from cover (CEEOL, viewed July 1, 2013). 
588 |a Latest issue consulted: Issue No. 13 (4) (2012) (viewed July 1, 2013). 
650 0 |a Cultural policy  |v Periodicals. 
655 0 |a Electronic journals. 
776 0 8 |i Print version:  |t Zarządzanie w kulturze  |x 1896-8201 
856 4 0 |z Full text available from Research Library: 01/01/2011 to present  |u https://search.proquest.com/publication/1356363